000 00220nam a22000857a 4500
008 161128b xxu||||| |||| 00| 0 eng d
100 _91475
_aBala.R.
245 _aCCE Manual Science-IX-II
260 _aNew Delhi
_bS. Chand
_c2011
999 _c4196
_d4196